00915nam a2200253Ia 450000500170000000800410001702000150005810000180007324501110009125000190020230000430022149000270026465000380029165000380032965000470036770000300041470000330044426400500047733600270052733700330055433800280058704000350061508400110065020220317000727.0160601s2004 mx a g 000 0 spa  a96816706121 aHowker, Janni13aEl jardín de las figuras cJanni Howker ; ilustraciones de Tania Janco ; traducción de María Vinós a1a. edición  a141 páginas bilustraciones c19 cm  aA la orilla del viento142LEMBaCuentos juveniles ingleses 142LEMBaLiteratura juvenil inglesa 142LEMBaRelaciones humanas en la literatura 1 aJanco, Taniaeilustrador 1 aVinós, Maríaetraductor  aMéxico bFondo de Cultura Económicac2004 atextobtxt2rdacontent asin mediaciónbn2rdamedia avolumenbnc2rdacarrier aCO-BoRNBPbspaerdacCO-BoRNBP aC HOW1